Development of a risk model for oral squamous cell carcinoma - a preliminary study /
Saved in:
| Main Author: | |
|---|---|
| Format: | Thesis Book |
| Language: | English |
| Published: |
2019
|
| Subjects: | |
| Online Access: | http://studentsrepo.um.edu.my/11216/ |
| Tags: |
Add Tag
No Tags, Be the first to tag this record!
|
| LEADER | 01368cam a2200325 i 4500 | ||
|---|---|---|---|
| 001 | u1128270 | ||
| 003 | SIRSI | ||
| 005 | 201912091711 | ||
| 008 | 191209s2019 my a m 000 0 eng | ||
| 040 | |a UMG |e rda | ||
| 096 | |a WU100 |b UM 2019 Rafk | ||
| 100 | 0 | |a Rafiq Khalid, |e author. | |
| 245 | 1 | 0 | |a Development of a risk model for oral squamous cell carcinoma - a preliminary study / |c Rafiq Khalid. |
| 264 | 1 | |c 2019 | |
| 264 | 4 | |c 2019. | |
| 300 | |a viii, 120 leaves : |b illustration ; |c 30 cm. | ||
| 336 | |a text |2 rdacontent | ||
| 337 | |a unmediated |2 rdamedia | ||
| 338 | |a volume |2 rdacarrier | ||
| 502 | |b M.Clin.Dent. |c Department of Oral and Maxillofacial Clinical Sciences, Faculty of Dentistry, University of Malaya |d 2019. | ||
| 504 | |a Bibliography: leaves 100-110. | ||
| 530 | |a Also issued in CD. | ||
| 650 | 1 | 2 | |a Carcinoma, Squamous Cell. |
| 650 | 2 | 2 | |a Mouth Neoplasms. |
| 710 | 2 | 0 | |a Universiti Malaya. |b Jabatan Pembedahan Mulut dan Maksilofasial, |e degree granting institution. |
| 856 | 4 | 1 | |u http://studentsrepo.um.edu.my/11216/ |
| 900 | |a RAH | ||
| 596 | |a 10 | ||
| 999 | |a WU100 UM 2019 RAFK |w NLM |c 1 |i A517456265 |f 11/12/2019 |g 1 |l TESIS |m P10PERGIGI |r Y |s Y |t TESIS |u 11/12/2019 | ||
| 999 | |a WU100 UM 2019 RAFK |w NLM |c 2 |i A517452445 |f 22/1/2020 |g 1 |l COUNTER |m P10PERGIGI |r N |s Y |t CD |u 22/1/2020 |o .STAFF. kandungan tesis telah dimuatnaik ke dalam repositori-CD shadowed-SMS | ||
